| 000 | 01561nam a2200469 i 4500 | ||
|---|---|---|---|
| 001 | 15414 | ||
| 003 | KOSZ 005 | ||
| 005 | 20200703115734.0 | ||
| 008 | 200414s1969 pl a f 001 0 pol | ||
| 015 | _aUWD 1970/1026 | ||
| 035 | _a991035583749705066 | ||
| 035 | _a(PL-WaBN)b19570144-48omnis_nlop | ||
| 035 | _ab19570144 | ||
| 035 | _a(OCoLC)830852196 | ||
| 035 | _a(PL)b0000001957014 | ||
| 035 | _a(EXLNZ-48OMNIS_NETWORK)9910250452605606 | ||
| 040 |
_aWA N _cWA N _dKOSZ 005/RW |
||
| 046 | _k1969 | ||
| 080 | _a514.7 | ||
| 080 | _a(075.8) | ||
| 100 | 1 |
_aTrajdos, Tadeusz _d(1922-2002) _eAutor |
|
| 245 | 1 | 0 |
_aAnaliza wektorów / _cTadeusz Trajdos-Wróbel. |
| 260 |
_aWarszawa : _bWydawnictwa Politechniki Warszawskiej, _c1969. |
||
| 300 |
_a131 stron : _bilustracje ; _c24 cm. |
||
| 336 |
_aTekst _btxt _2rdacontent |
||
| 337 |
_aBez urządzenia posredniczącego _bn _2rdamedia |
||
| 338 |
_aWolumin _bnc _2rdacarrier |
||
| 380 | _aKsiążki | ||
| 380 | _aPublikacje dydaktyczne | ||
| 388 | _a1901-2000 | ||
| 388 | _a1945-1989 | ||
| 504 | _aIndeks. | ||
| 521 | 8 | _aDla studentów Wydziału Geodezji i Kartografii Politechniki Warszawskiej. | |
| 650 | 7 |
_aWektory _2DBN |
|
| 650 | 7 | _aAnaliza wektorowa | |
| 655 | 7 |
_aPodręczniki akademickie _2DBN |
|
| 658 | _aMatematyka | ||
| 710 | 2 |
_aOficyna Wydawnicza Politechniki Warszawskiej _4pbl |
|
| 856 |
_uhttp://koha.tu.koszalin.pl/cgi-bin/koha/opac-detail.pl?biblionumber=15414 _yKatalog online BPK |
||
| 942 |
_2UKD _cKS |
||
| 999 |
_c15414 _d15414 |
||